UM Logo

On East Asian regional Cooperation I : (Record no. 16644)

MARC details
000 -LEADER
fixed length control field 00615nam a22001817a 4500
008 - FIXED-LENGTH DATA ELEMENTS--GENERAL INFORMATION
fixed length control field 220303b ||||| |||| 00| 0 eng d
020 ## - INTERNATIONAL STANDARD BOOK NUMBER
International Standard Book Number 9780367727567
082 ## - DEWEY DECIMAL CLASSIFICATION NUMBER
Edition number 2020
Classification number DC 337.15
Item number Y926
100 ## - MAIN ENTRY--PERSONAL NAME
Personal name Yunling, Zhang.
9 (RLIN) 44389
245 ## - TITLE STATEMENT
Title On East Asian regional Cooperation I :
Remainder of title ideality and reality /
Statement of responsibility, etc. Zhang Yunling.
260 ## - PUBLICATION, DISTRIBUTION, ETC. (IMPRINT)
Place of publication, distribution, etc. London :
Name of publisher, distributor, etc. Routledge ;
Date of publication, distribution, etc. ©2020.
300 ## - PHYSICAL DESCRIPTION
Extent ix, 164 pages :
Other physical details illustrations ;
Dimensions 23 cm.
500 ## - GENERAL NOTE
General note Includes index.
650 ## - SUBJECT ADDED ENTRY--TOPICAL TERM
Topical term or geographic name as entry element LCSH: East Asian cooperation.
9 (RLIN) 44390
650 ## - SUBJECT ADDED ENTRY--TOPICAL TERM
Geographic subdivision East Asia
General subdivision Foreign economic relations.
9 (RLIN) 44391
650 ## - SUBJECT ADDED ENTRY--TOPICAL TERM
Geographic subdivision ASEAN.
9 (RLIN) 44392
942 ## - ADDED ENTRY ELEMENTS (KOHA)
Source of classification or shelving scheme Dewey Decimal Classification
Koha item type Circulation
Holdings
Withdrawn status Lost status Source of classification or shelving scheme Damaged status Not for loan Collection code Home library Current library Date acquired Cost, normal purchase price Total Checkouts Full call number Barcode Date last seen Price effective from Koha item type
    Dewey Decimal Classification     Circulation UM Digos College - LIC UM Digos College - LIC 03/03/2022 5918.00   DC 337.15 Y926 2020 26419 05/15/2025 03/03/2022 Circulation